000 003420000a22001570004500
003 MACL
040 _aMACL
090 _c46359
_d46357
100 _aRaether, Edie
245 _aWhy Cats Dont's Bark
260 _bIndra Publishing House
_c2009
350 _a125
650 _aGeneralities
942 _cBOOK
_k080/RAE
951 _o080/RAE BOOK
999 _c45874
_d45874